Echchesvi samagra kavya: Ivaregina kavitegalu (Record no. 89751)
[ view plain ]
| 000 -LEADER | |
|---|---|
| fixed length control field | 00864nam a2200253Ia 4500 |
| 003 - CONTROL NUMBER IDENTIFIER | |
| control field | OSt |
| 005 - DATE AND TIME OF LATEST TRANSACTION | |
| control field | 20250212093217.0 |
| 008 - FIXED-LENGTH DATA ELEMENTS--GENERAL INFORMATION | |
| fixed length control field | 210210b2009 xxu||||| |||| 00| 0 eng d |
| 040 ## - CATALOGING SOURCE | |
| Transcribing agency | AL |
| 041 ## - LANGUAGE CODE | |
| Language code of text/sound track or separate title | Kannada |
| 082 ## - DEWEY DECIMAL CLASSIFICATION NUMBER | |
| Classification number | K894.1 VENE |
| 100 ## - MAIN ENTRY--PERSONAL NAME | |
| Personal name | VENKATESHA MURTHI (H S) |
| Dates associated with a name | ವೆಂಕಟೇಶ ಮೂರ್ತಿ (ಹೆಚ್ ಎಸ್ ) |
| 9 (RLIN) | 199254 |
| 245 ## - TITLE STATEMENT | |
| Title | Echchesvi samagra kavya: Ivaregina kavitegalu |
| Remainder of title | ಎಚ್ಚೆಸ್ವಿ ಸಮಗ್ರ ಕಾವ್ಯ: ಇವರೆಗಿನ ಕವಿತೆಗಳು ಮೂಲಕ: |
| 260 ## - PUBLICATION, DISTRIBUTION, ETC. | |
| Place of publication, distribution, etc. | MallaDihaLLi |
| Name of publisher, distributor, etc. | Anandakanda Granthamale |
| Date of publication, distribution, etc. | 2009 |
| 300 ## - PHYSICAL DESCRIPTION | |
| Extent | xlviii,500 |
| 650 ## - SUBJECT ADDED ENTRY--TOPICAL TERM | |
| Topical term or geographic name entry element | samagra |
| 9 (RLIN) | 199255 |
| 650 ## - SUBJECT ADDED ENTRY--TOPICAL TERM | |
| Topical term or geographic name entry element | kAvya: |
| 9 (RLIN) | 199256 |
| 650 ## - SUBJECT ADDED ENTRY--TOPICAL TERM | |
| Topical term or geographic name entry element | kavitegaLu |
| 9 (RLIN) | 199257 |
| 650 ## - SUBJECT ADDED ENTRY--TOPICAL TERM | |
| Topical term or geographic name entry element | Ivaregina |
| 9 (RLIN) | 199258 |
| 650 ## - SUBJECT ADDED ENTRY--TOPICAL TERM | |
| Topical term or geographic name entry element | Echchesvi |
| 9 (RLIN) | 199259 |
| 690 ## - LOCAL SUBJECT ADDED ENTRY--TOPICAL TERM (OCLC, RLIN) | |
| Topical term or geographic name as entry element | Kannada Poetry |
| 9 (RLIN) | 199260 |
| 906 ## - LOCAL DATA ELEMENT F, LDF (RLIN) | |
| a | 066366 |
| 942 ## - ADDED ENTRY ELEMENTS (KOHA) | |
| Source of classification or shelving scheme | Dewey Decimal Classification |
| Koha item type | Book |
| Withdrawn status | Lost status | Source of classification or shelving scheme | Damaged status | Not for loan | Collection code | Home library | Current library | Date acquired | Source of acquisition | Cost, normal purchase price | Total Checkouts | Full call number | Barcode | Date last seen | Date last checked out | Price effective from | Koha item type |
|---|---|---|---|---|---|---|---|---|---|---|---|---|---|---|---|---|---|
| Dewey Decimal Classification | Kannada | St Aloysius Library | St Aloysius Library | 02/17/2021 | Athree Book Centre Balmatta, Mangalore-01 | 300.00 | 3 | K894.1 VENE | 066366 | 07/22/2025 | 07/01/2025 | 02/17/2021 | Book |